| 000 | 00654nam a2200205 a 4500 | ||
|---|---|---|---|
| 005 | 20240806064032.0 | ||
| 008 | 030902m19771989mx r 000 0 spa d | ||
| 035 | _aUPN01000128327 | ||
| 049 | _aCG | ||
| 050 | 4 |
_aPS1017 A4 _bM8 |
|
| 100 | 1 |
_aAlcott, Louisa May, _d1832-1888 _930509 |
|
| 245 | 1 | 0 |
_aMujercitas / _cLouisa Alcott May ; tr. Verónica Tello ; il. Arnoldo Federico. |
| 260 |
_aMéxico : _bConcepto, _c1977 (1989 imp.). |
||
| 300 | _a239 p. | ||
| 534 |
_pTraducción de: _tLittle women |
||
| 650 | 4 |
_aLiteratura estadounidense _95229 |
|
| 650 | 0 |
_aValores en la literatura _912441 |
|
| 650 | 4 |
_aRelaciones de familia _96077 |
|
| 905 | _aLibro | ||
| 999 |
_c100506 _d100506 |
||